Governors of New Mexico - Statistics

General Stats
  • This quiz has been taken 8 times
  • The average score is 12 of 32
Answer Stats
Hint Answer % Correct
2003-2011 Bill Richardson
71%
1995-2003 Gary Johnson
71%
2019- Michelle Lujan Grisham
71%
2011-2019 Susana Martinez
71%
1971-1975 Bruce King
43%
1979-1983 Bruce King
43%
1991-1995 Bruce King
43%
1987-1991 Garrey Carruthers
43%
1919-1921 Octaviano Ambrosio Larrazolo
43%
1927-1931 Richard C. Dillon
43%
1912-1917 William C. McDonald
43%
1933-1935 Andrew W. Hockenhull
29%
1931-1933 Arthur Seligman
29%
1925-1927 Arthur T. Hannett
29%
1935-1939 Clyde Tingley
29%
1967-1971 David Cargo
29%
1951-1955 Edwin L. Mechem
29%
1957-1959 Edwin L. Mechem
29%
1961-1962 Edwin L. Mechem
29%
1917 Ezequiel Cabeza de Baca
29%
1963-1967 Jack M. Campbell
29%
1923-1925 James F. Hinkle
29%
1975-1979 Jerry Apodaca
29%
1959-1961 John Burroughs
29%
1939-1943 John E. Miles
29%
1955-1957 John F. Simms
29%
1943-1947 John J. Dempsey
29%
1921-1923 Merritt C. Mechem
29%
1947-1951 Thomas J. Mabry
29%
1962-1963 Tom Bolack
29%
1983-1987 Toney Anaya
29%
1917-1919 Washington Ellsworth Lindsey
29%
No matching quizzes found
Score Distribution
Percent of People with Each Score
Percentile by Number Answered
Your Score History
You have not taken this quiz